Quizzes
Events
Quiz Creation
Community
Videos
Private Events
Remove Ads
Sign In
Join for FREE
Feedback
Dark Mode
Quiz Categories
Sports
Geography
Music
Movies
Television
Just For Fun
Miscellaneous
History
Literature
Language
Science
Gaming
Entertainment
Religion
Holiday
For Kids
Quiz Lab
Recent
Popular Today
Quiz Kudos Today
Editor Picks
Curator Picks
Quizzes by...
Day
Popularity
Type
Ratings
Length
Year
Community
Subscriptions
Recent Discussions
Orange Saloon
Badges
Playlists
Quests
Create
Leaderboards
Showdown
Live 5
Trivia Bingo
Activity
Puzzle Library
Sporcle Events
Private Events
Virtual Trivia
Globe League
Become a Host
Pub Owners
SporcleCon
Opinionation
Our Games
Videos
Blog
Mobile Apps
Partnerships
Remove Ads and Go Orange
Feedback
Science
Computer
Plants
Astronomy
Chemistry
Elements
Math
Animal
Physics
Anatomy
Biology
Geology
General Science
Science
Computer
Plants
Astronomy
Chemistry
Elements
Math
Animal
Physics
Anatomy
Biology
Geology
General Science
Random Quiz
Search Sporcle
×
Quiz Lab
Quiz Lab
Science
Clickable
Select answers by clicking on text or image buttons
Select answers by clicking on text or image buttons
Clickable
Best Score? Go Orange.
Lec. 7- Intro to Cancer Stats
Can you pick the Lec. 7 Intro to Cancer?
By
scratchaccount29
20m
50 Questions
13 Plays
13 Plays
13 Plays
Comments
Comments
Give Quiz Kudos
Give Quiz Kudos
-
- Ratings
hide this ad
Forced Order
Answers have to be entered in order
Answers have to be entered in order
Random Order
Randomize order of answers
Randomize order of answers
Replay
Link that replays current quiz
Next Quiz
Link to next quiz in quiz playlist
You Got
0%
They Got
Avg Score
51%
Avg Friend Score
Upgrade to see
Score Distribution
Jump to the score distribution portion of the page
Score
0/50
Timer
20:00
0
Plays Today
% Correct
Benign
69.2%
Micrometastases
69.2%
Numerical staging
69.2%
Can be given in repeated cylces; treats metastic disease
69.2%
Prevention, screening, and treatment
69.2%
Autonomous growth
61.5%
Metastasis
61.5%
Cancer stem cells
61.5%
Cancer cells
61.5%
PET-CT
61.5%
TNM or numerical staging
61.5%
Correlation with prognosis
61.5%
Any T; N1 or N2; M0
61.5%
Intensity modulated radiotherapy (IMRT)
61.5%
Off-target systemic effects; resistance
61.5%
Malignant (cancer)
53.8%
APC mutation
53.8%
p53
53.8%
Angiogenesis induction
53.8%
Warburg Effect
53.8%
CTL and NK cells
53.8%
Increased number = increased tumor size
53.8%
T1 or T2; N0; M0
53.8%
T3 or T4; N0; M0
53.8%
Any T; Any N; M1
53.8%
% Correct
Cancer surgery
53.8%
Stereotactic radiosurgery (Gamma knife)
53.8%
Actively dividing
53.8%
Palliate
53.8%
Autocrine
46.2%
Intrinsic sensor
46.2%
Hayflick limit
46.2%
Telomere length maintenance and extra telomerase
46.2%
Thrombospondin-1
46.2%
Metastases
46.2%
Not typically staged
46.2%
Increased number = incresed spread
46.2%
Radiation therapy
46.2%
3D conformal radiotherapy
46.2%
Brachytherapy
46.2%
pRb
38.5%
Caspase 8 & 9
38.5%
Vascular Endothelial Growth Factor (VEGF)
38.5%
Yes or No
38.5%
External beam radiotherapy
38.5%
Opposing fields
38.5%
Fas & Fas ligand
30.8%
BCl-2 family
30.8%
Cells in Go and hypoxic tissue
30.8%
Radiopharmaceuticals
30.8%
Quiz Playlist
Details
Report
Send in Message
Add To Playlist
Clickable:
Select answers by clicking on text or image buttons
Forced Order:
Answers have to be entered in order
Random Order:
Randomize order of answers
Last Updated: Feb 25, 2017
Quiz Scoreboard
CHALLENGE
Sign Up to Join the Scoreboard
Show All
Scores
Hide
Comments
May contain spoilers
Recently Published
9x9 Crossword: Cartoon Network
by jackfrog10
Miscellaneous
3m
College Basketball Coaching Resumes
by pancakes188
Sports
9m
Billboard Blitz: Fleetwood Mac
by CooCooCachoo
Music
15s
More to Explore
Quiz From the Vault
Featured Blog Post
Where Did the Easter Bunny Come From?
hide this ad
You Might Also Like...
Tags
Clickable Quiz
Cancer
intro
Today's Top Quizzes in Science
Browse Science
hide this ad
Today's Top Quizzes in Clickable
Browse Clickable
Top Contributed Quizzes in Science
1
Quick Pick: Radians
2
Quick Pick: 'CI-CJ' Animals
3
The First 100 Digits of Pi
4
Elements In Images
5
One Thing in Common: Science
6
Science Jokes
7
One Thing in Common: Science II
8
Name the Acid, Base or Salt
9
One Thing in Common: Animals
10
One Thing in Common: Science III
Explore More
Trending Topics
Kpop
NBA
Crossword
Marvel
Anime
Harry Potter
Disney
The Office
Puzzle
WWE
Soccer
Song
Pokémon
Country
NFL
hide this ad
More By:
scratchaccount29
Quiz
Plays
Rating
Category
Featured
Created
Fungi and Parasites
201
Science
Jan 29, 2017
Dermatomes & Laminae
78
Science
Mar 27, 2017
Neurology Disorders
77
1.00
Science
Mar 24, 2017
Clinical Cytogenetics
63
Science
Jan 30, 2017
Common Neurology Cases (Lec. 9)
56
Science
May 19, 2017
Go to Creator's Profile
Score Distribution
Quiz Creator Spotlight
scratchaccount29
Follow
Send a Message
Quizzes Created
-
Created Quiz Play Count
-
More By This Creator
Popular Quizzes Today
1
Find the US States - No Outlines Minefield
2
Find the Countries of Europe - No Outlines Minefield
3
The Countries of the World
4
Find the US States
5
Risky Map Clicking: Biggest States A-Z
6
US States
7
Popular People in 1961
8
Movies - When Are They Set?
More Science Quizzes
Tabla periódica de los elementos.
Quiz Lab
Trending Quizzes
Risky Map Clicking: Least Populous States A-Z
1-10 Letter G Words
1-10 Letter F Words
Risky Map Clicking: Next State Alphabetically
Adjectives in 80s TV Shows
Recently Updated
Leaping Animals
pecheneg
Reality TV Shows (A-Z)
bhenderson79
Rickey Henderson's Hall of Fame Teammates
pecheneg
Champions League XIs: Arsenal
pecheneg
Quick Pick: Celebrities in WWE's Hall of Fame
aduchscher
A-Z Keypad Blitz II
pecheneg
Multiple Oscar Actors
pecheneg
Mystery Phrase Blitz: Oscar 'Best Actors'
pecheneg
F. Scott Fitzgerald Novels
LTH
Pick 3 Villains
ddd62291
Trending Topics
Kpop
Harry Potter
Marvel
NBA
Anime
Crossword
Disney
Puzzle
Soccer
The Office
NFL
Song
Country
Pokémon
WWE
Your Account Isn't Verified!
In order to create a playlist on Sporcle, you need to verify the email address you used during registration. Go to your
Sporcle Settings
to finish the process.
Report this User
Report this user for behavior that violates our
Community Guidelines
.
Details:
Send Report
Go to the Sporcle.com Mobile Site →
Comments